| 000 | 00856cam a2200289 a 4500 | ||
|---|---|---|---|
| 001 | ocm29031651 | ||
| 003 | 0 | ||
| 005 | 20230123133145.0 | ||
| 008 | 930924s1994 nyua b 001 0 eng | ||
| 010 | _a93038083 | ||
| 020 | _a0824790235 (acid-free paper) | ||
| 035 | _bH130 | ||
| 040 |
_aDLC _cNUST |
||
| 049 | _aMAIN | ||
| 090 | _aTJ930 | ||
| 100 | 1 | _aSchweitzer, Philip A. | |
| 245 | 1 | 0 |
_aCorrosion-resistant piping systems / _cPhilip A. Schweitzer. |
| 260 |
_aNew York : _bMarcel Dekker, _cc1994. |
||
| 300 |
_avii, 443 p. : _bill. ; _c26 cm. |
||
| 490 | 1 |
_aCorrosion technology ; _v5 |
|
| 504 | _aIncludes bibliographical references and index. | ||
| 650 | 0 |
_aPiping _xCorrosion. |
|
| 830 | 0 |
_aCorrosion technology (New York, N.Y.) ; _v5. |
|
| 907 |
_a.b10026769 _b17-04-03 _c17-04-03 |
||
| 994 |
_a92 _bZNA |
||
| 942 |
_cBOOKS _kTJ930 |
||
| 999 |
_c143708 _d143708 |
||